000 nam a22 7a 4500
999 _c8588
_d8588
008 180118b ||||| |||| 00| 0 eng d
100 _aChari.P
_94969
245 _aGeneral Knowledge
260 _aNew Delhi
_bJeevan deep Publication
_c2008